Кристина: повесть

Bibliografiske detaljer
Hovedforfatter: Скобелев Э. М. Эдуард Мартинович
Summary:Исключено из фонда НТБ ТПУ
Sprog:russisk
Udgivet: Минск, Мастацкая лiтаратура, 1986
Format: MixedMaterials Bog
KOHA link:https://koha.lib.tpu.ru/cgi-bin/koha/opac-detail.pl?biblionumber=271048

MARC

LEADER 00000nam0a2200000 4500
001 271048
005 20231031225229.0
035 |a (RuTPU)RU\TPU\book\294229 
090 |a 271048 
100 |a 20141003d1986 m y0rusy50 ca 
101 0 |a rus 
102 |a RU 
105 |a y z 000ay 
200 1 |a Кристина  |e повесть  |f Э. М. Скобелев 
210 |a Минск  |c Мастацкая лiтаратура  |d 1986 
215 |a 222 с. 
333 |a Исключено из фонда НТБ ТПУ 
700 1 |a Скобелев  |b Э. М.  |g Эдуард Мартинович 
801 1 |a RU  |b 63413507  |c 20141003 
801 2 |a RU  |b 63413507  |c 20220517  |g RCR 
942 |c BK